[Event "GER-chT Christmas U20"]
[Site "Playchess.com INT"]
[Date "2020.12.29"]
[Round "5.4"]
[White "Hix, Jonathan"]
[Black "Hoffmann, Tim"]
[Result "0-1"]
[WhiteElo "795"]
[BlackElo "2153"]
[PlyCount "126"]
[EventDate "2020.12.29"]
[EventType "team-swiss (blitz)"]
[EventRounds "7"]
[EventCountry "GER"]
[SourceTitle "CBM 200 Extra"]
[Source "ChessBase"]
[SourceDate "2021.03.31"]
[SourceVersion "1"]
[SourceVersionDate "2021.03.31"]
[SourceQuality "1"]
[WhiteTeam "Aschheim/Feldkirchen/Kirchheim III"]
[BlackTeam "Greiz"]
[WhiteTeamCountry "GER"]
[BlackTeamCountry "GER"]

1. d4 Nf6 2. Nc3 g6 3. Bf4 Bg7 4. e3 d6 5. h3 0-0 6. Be2 Re8 7. Nf3 c5 8. 0-0 cxd4 9. exd4 Bf5 10. Bd3 Bxd3 11. Qxd3 Nh5 12. Bh2 f5 13. Ng5 Qd7 14. Qe2 Nc6 15. Qe6+ Qxe6 16. Nxe6 Rac8 17. Nb5 Kf7 18. Nbc7 Rg8 19. d5 Nd8 20. Nxd8+ Rgxd8 21. Ne6 Re8 22. Ng5+ Kg8 23. Ne6 Rxc2 24. b4 Bxa1 25. Rxa1 Ng7 26. Nd4 Rc4 27. Nb5 a6 28. Na3 Rxb4 29. Nc2 Rc4 30. Ne3 Rc3 31. Rb1 Rec8 32. Bf4 Rc1+ 33. Rxc1 Rxc1+ 34. Kh2 Ra1 35. Nc4 Rxa2 36. Nb6 Rxf2 37. Bg3 Rb2 38. Nd7 a5 39. Nb8 a4 40. Na6 bxa6 41. Be1 a3 42. Bc3 Rc2 43. Bd4 a2 44. Ba1 Rc1 45. Bb2 Rb1 46. Bc3 a1Q 47. Bxa1 Rxa1 48. h4 Rb1 49. Kh3 a5 50. g3 a4 51. h5 a3 52. Kh4 a2 53. g4 a1Q 54. gxf5 Qf6+ 55. Kg4 Rg1+ 56. Kf4 Nxh5+ 57. Ke4 Qe5+ 58. Kd3 Rd1+ 59. Kc4 Qxf5 60. Kb5 Qxd5+ 61. Kb6 Rc1 62. Ka6 Qb3 63. Ka7 Ra1# 0-1

[Event "GER-chT Christmas U16 Steinitz"]
[Site "Playchess.com INT"]
[Date "2020.12.28"]
[Round "5.3"]
[White "Hix, Jonathan"]
[Black "Eisenschink, Fabian"]
[Result "0-1"]
[WhiteElo "795"]
[BlackElo "795"]
[PlyCount "88"]
[EventDate "2020.12.28"]
[EventType "team-swiss (blitz)"]
[EventRounds "7"]
[EventCountry "GER"]
[SourceTitle "CBM 200 Extra"]
[Source "ChessBase"]
[SourceDate "2021.03.31"]
[SourceVersion "1"]
[SourceVersionDate "2021.03.31"]
[SourceQuality "1"]
[WhiteTeam "Aschheim/Feldkirchen/Kirchheim II"]
[BlackTeam "Kelheim"]
[WhiteTeamCountry "GER"]
[BlackTeamCountry "GER"]

1. d3 e5 2. e4 Nf6 3. Nc3 Bb4 4. Bd2 0-0 5. Nf3 d6 6. a3 Bxc3 7. Bxc3 Bg4 8. Be2 Nc6 9. 0-0 Qd7 10. Qd2 h6 11. d4 exd4 12. Nxd4 Nxe4 13. Qd3 Bxe2 14. Qxe2 Nxc3 15. bxc3 Rfe8 16. Qh5 Nxd4 17. cxd4 Qa4 18. Qf5 Re7 19. c3 Rae8 20. Qf4 Qc2 21. Qc1 Qd3 22. Qe3 Rxe3 23. fxe3 Qxe3+ 24. Kh1 Qxc3 25. Ra2 Re1 26. Kg1 Rxf1+ 27. Kxf1 Qc4+ 28. Re2 Qxd4 29. Re8+ Kh7 30. Re7 c5 31. Rxf7 Qc4+ 32. Ke1 Qxf7 33. g4 Qe6+ 34. Kf2 c4 35. a4 c3 36. a5 c2 37. a6 bxa6 38. h4 Qxg4 39. h5 Qxh5 40. Kg2 Qf5 41. Kg3 c1Q 42. Kg2 Qcf1+ 43. Kg3 Q1f3+ 44. Kh2 Q5h3+ 0-1